000 01146cam a2200325Ia 4500
001 39658
005 20230410105117.0
008 050916s2004 ht a b 000 0 fre d
035 _a(OCoLC)ocm61521359
040 _aZQP
_cZQP
_dZQP
020 _z9769501707
035 _a(OCoLC)61521359
082 0 4 _a972.94
_222
050 1 4 _aCEH
100 1 _aLedan, Jean,
_d1958-
245 1 0 _aChronique d'un départ annoncâe-- le fil des événements /
_cJean Ledan fils.
246 1 _iAt head of title:
_aHaèiti 2004 bicentenaire de l'indépendance
260 _a[Port-au-Prince, Haiti] :
_bBéljwáet Pubs.,
_c[2004]
300 _a47 p. :
_bill. ;
_c22 cm.
500 _a"1804, Independance d'Haiti-1904, Centenaire de'l'Indépendance d'Haiti" --Cover.
504 _aIncludes bibliographical references.
651 0 _aHaiti
_xCentennial celebrations, etc.
_vChronology.
600 1 0 _aAristide, Jean-Bertrand
_vChronology.
610 1 0 _aDessalines, Jean-Jacques,
_d1758-1806
_vChronology.
650 4 _aCEH
650 4 _aColección Estudios Haitianos
651 0 _aHaiti
_xHistory
_y1804-
_vSources.
942 _2lcc
_cbk
994 _aC0
_bDRFGD
999 _c30297
_d30297